00483nam a2200157Ia 4500001000500000005001700005008004100022041000800063082001900071100004800090245013100138260000900269300003100278650000800309654000800317958820260306161729.0260306t1990||||xx |||||||||||||| ||spa|| aESP a382.30985bY81 aYrigoyen Díaz, José Alberto, 1963-eAUT 0aAnálisis interpretativo comparativo sobre leyes de promoción al comercio exterior y su aplicación en la realidad peruana c1990 a206, 1 páginas :c21 cm. aGEN aCAN